Normal view
MARC view
- Electrical Machines, Drives and Power Systems
Entry Topical Term
001 - CONTROL NUMBER
- control field: 124120
003 - CONTROL NUMBER IDENTIFIER
- control field: NUST
005 - DATE AND TIME OF LATEST TRANSACTION
- control field: 20240705195325.0
008 - FIXED-LENGTH DATA ELEMENTS
- fixed length control field: 240705|| aca||aabn | a|a d
040 ## - CATALOGING SOURCE
- Original cataloging agency: NUST
- Transcribing agency: NUST
150 ## - HEADING--TOPICAL TERM
- Topical term or geographic name entry element: Electrical Machines, Drives and Power Systems
670 ## - SOURCE DATA FOUND
- Source citation: Work cat.: (NUST): Theodore Wildi 124119, Electrical Machines, Drives and Power Systems, 2018.
